[Event "6th Hainan Danzhou"]
[Site "Danzhou CHN"]
[Date "2015.07.09"]
[EventDate "2015.07.02"]
[Round "7"]
[Result "1/2-1/2"]
[White "Krishnan Sasikiran"]
[Black "Ding Liren"]
[WhiteElo "2640"]
[BlackElo "2749"]
[PlyCount "106"]

1. d4 Nf6 2. c4 g6 3. Nc3 Bg7 4. e4 d6 5. Be3 O-O 6. f3 c5
7. Nge2 Nc6 8. d5 Ne5 9. Ng3 e6 10. Be2 b5 11. Nxb5 exd5
12. cxd5 Rb8 13. Qd2 h5 14. O-O h4 15. Nh1 h3 16. Ng3 hxg2
17. Kxg2 Qd7 18. Nc3 Kh7 19. Kh1 Rh8 20. Rf2 Kg8 21. Rg1 Qh3
22. Bg5 Rb4 23. Bf1 Qh7 24. Nf5 Bxf5 25. exf5 Bh6 26. Rg3 Rd4
27. Qc1 Bxg5 28. Qxg5 Rh4 29. h3 Qg7 30. fxg6 Nxg6 31. Kg1
R8h5 32. Qc1 Kh7 33. Bg2 Qh6 34. Qxh6+ Kxh6 35. Ne4 Ne8 36. f4
f5 37. Ng5 Nxf4 38. Nf7+ Kh7 39. Ng5+ Kh6 40. Nf7+ Kh7 41. Bf1
Nf6 42. Nxd6 Nxh3+ 43. Bxh3 Rxh3 44. Rxh3 Rxh3 45. Rxf5 Kg6
46. Re5 Rd3 47. Re6 Rxd5 48. Ne8 Kf7 49. Rxf6+ Kxe8 50. Ra6
Rd1+ 51. Kf2 Rd2+ 52. Ke3 Rxb2 53. Rxa7 Kd8 1/2-1/2

[Event "6th Hainan Danzhou"]
[Site "Danzhou CHN"]
[Date "2015.07.10"]
[EventDate "2015.07.02"]
[Round "8"]
[Result "1-0"]
[White "Ding Liren"]
[Black "Lu Shanglei"]
[WhiteElo "2749"]
[BlackElo "2595"]
[PlyCount "39"]

1. d4 d5 2. c4 e6 3. Nc3 Nf6 4. Bg5 dxc4 5. e3 a6 6. a4 h6
7. Bh4 b6 8. Bxc4 Bb7 9. Nf3 c5 10. O-O cxd4 11. exd4 Be7
12. Qe2 O-O 13. Rad1 Nc6 14. Rfe1 Nd5 15. Bxd5 Bxh4 16. Be4
Re8 17. d5 exd5 18. Rxd5 Qe7 19. Qd2 Qf6 20. Rd7 1-0

[Event "6th Hainan Danzhou"]
[Site "Danzhou CHN"]
[Date "2015.07.11"]
[EventDate "2015.07.02"]
[Round "9"]
[Result "1/2-1/2"]
[White "Ni Hua"]
[Black "Ding Liren"]
[WhiteElo "2703"]
[BlackElo "2749"]
[PlyCount "72"]

1. e4 e5 2. Nf3 Nc6 3. Bb5 Nf6 4. O-O Nxe4 5. Re1 Nd6 6. Nxe5
Be7 7. Bf1 Nxe5 8. Rxe5 O-O 9. d4 Ne8 10. Re1 d5 11. Bf4 Bd6
12. Bxd6 Nxd6 13. Bd3 Bf5 14. c3 c6 15. Bxf5 Nxf5 16. Nd2 Re8
17. Rxe8+ Qxe8 18. Nf3 Nd6 19. Qc2 Qd7 20. Re1 Re8 21. Rxe8+
Qxe8 22. Kf1 f6 23. Qe2 Qxe2+ 24. Kxe2 Kf7 25. Ne1 g5 26. g4
Kg6 27. Nd3 h5 28. h3 hxg4 29. hxg4 f5 30. f3 fxg4 31. fxg4
Kf6 32. Ne5 Ke6 33. Nf3 Kf6 34. Ne5 Ke6 35. Nf3 Kf6 36. Ne5
Ke6 1/2-1/2

[Event "Ding Liren - Gelfand"]
[Site "Wenzhou CHN"]
[Date "2015.07.16"]
[EventDate "2015.07.16"]
[Round "1"]
[Result "1/2-1/2"]
[White "Boris Gelfand"]
[Black "Ding Liren"]
[WhiteElo "2751"]
[BlackElo "2749"]
[PlyCount "134"]

1. d4 Nf6 2. c4 g6 3. Nc3 Bg7 4. e4 d6 5. Nf3 O-O 6. Be2 e5
7. O-O Nc6 8. d5 Ne7 9. b4 Nh5 10. c5 Nf4 11. a4 Bg4 12. h3
Bh5 13. Bxf4 exf4 14. Rc1 a5 15. bxa5 Bxf3 16. Bxf3 dxc5
17. Qb3 Rxa5 18. Qxb7 Nc8 19. Nb5 Nd6 20. Qxc7 Qxc7 21. Nxc7
Rc8 22. Nb5 Nxb5 23. axb5 Rxb5 24. Rc4 Bd4 25. Rfc1 Rcb8
26. Kf1 Kf8 27. R4c2 Ke7 28. e5 Bxe5 29. Rxc5 Rxc5 30. Rxc5
Rb1+ 31. Ke2 Rb2+ 32. Ke1 Bd4 33. d6+ Ke6 34. Rd5 Bxf2+
35. Kd1 Bb6 36. d7 Ke7 37. Kc1 Ra2 38. Rb5 Bd8 39. Rb4 Kxd7
40. Rxf4 f5 41. Rd4+ Ke7 42. Kb1 Ra6 43. Rc4 Ra5 44. Rc6 Kf7
45. Kc2 Kg7 46. Kd3 Kh6 47. Rc8 Be7 48. Ra8 Re5 49. Ra2 Re1
50. Be2 Bc5 51. Ra5 Bf2 52. g4 f4 53. g5+ Kg7 54. Kd2 Rh1
55. Rb5 Be1+ 56. Kd1 Bf2+ 57. Kd2 Rxh3 58. Bc4 Bh4 59. Kc2 h5
60. Rb7+ Kf8 61. Rf7+ Ke8 62. Rxf4 Bxg5 63. Rf1 Rh2+ 64. Kb3
Ke7 65. Bd3 h4 66. Bxg6 Re2 67. Rf3 Re3+ 1/2-1/2

[Event "Ding Liren - Gelfand"]
[Site "Wenzhou CHN"]
[Date "2015.07.17"]
[EventDate "2015.07.16"]
[Round "2"]
[Result "1/2-1/2"]
[White "Ding Liren"]
[Black "Boris Gelfand"]
[WhiteElo "2749"]
[BlackElo "2751"]
[PlyCount "49"]

1. d4 Nf6 2. c4 g6 3. f3 d5 4. cxd5 Nxd5 5. e4 Nb6 6. Nc3 Bg7
7. Be3 O-O 8. Qd2 e5 9. d5 c6 10. h4 cxd5 11. exd5 N8d7 12. h5
Nf6 13. hxg6 fxg6 14. O-O-O Bd7 15. Kb1 Rc8 16. d6 e4 17. Bh6
Na4 18. Nd5 Nxd5 19. Qxd5+ Kh8 20. Bxg7+ Kxg7 21. fxe4 Qb6
22. Qe5+ Kg8 23. Qd5+ Kg7 24. Qe5+ Kg8 25. Qd5+ 1/2-1/2

[Event "Ding Liren - Gelfand"]
[Site "Wenzhou CHN"]
[Date "2015.07.18"]
[EventDate "2015.07.16"]
[Round "3"]
[Result "0-1"]
[White "Boris Gelfand"]
[Black "Ding Liren"]
[WhiteElo "2751"]
[BlackElo "2749"]
[PlyCount "150"]

1. d4 d5 2. c4 e6 3. Nf3 Nf6 4. g3 Bb4+ 5. Bd2 Bd6 6. Nc3 O-O
7. Bg5 c6 8. Bg2 h6 9. Bxf6 Qxf6 10. O-O Bc7 11. e3 Nd7
12. Qe2 Qe7 13. Rfd1 Nf6 14. e4 dxc4 15. e5 Nd5 16. Qxc4 Rd8
17. Ne4 a5 18. Rac1 Bd7 19. a3 Be8 20. Ne1 b6 21. Nd3 Rac8
22. Qc2 Qf8 23. Qe2 Ne7 24. Ne1 Nf5 25. Nf3 Qe7 26. Rc3 Qf8
27. h4 Ne7 28. Rcc1 Bb8 29. Qa6 Nd5 30. Nc3 Nxc3 31. Rxc3 Bc7
32. Rdc1 Rb8 33. Qe2 b5 34. Rd3 Bb6 35. Rcd1 Qe7 36. g4 c5
37. g5 c4 38. R3d2 h5 39. g6 f6 40. Ng5 Bxg6 41. Be4 Bxe4
42. Nxe4 fxe5 43. Qxh5 Bxd4 44. Ng5 Qf6 45. Qh7+ Kf8 46. Qe4
Ke7 47. Qc6 Qf5 48. Re1 Rdc8 49. Qg2 Rd8 50. Qc6 Rb6 51. Qg2
g6 52. Nf3 b4 53. axb4 axb4 54. Rde2 c3 55. bxc3 Bxc3 56. Nxe5
Bxe1 57. Rxe1 b3 58. Nc6+ Rxc6 59. Qxc6 Rd2 60. Qc7+ Kf8
61. Qc8+ Kf7 62. Qc7+ Kg8 63. Qb8+ Kg7 64. Qg3 Rc2 65. Qe3 b2
66. Qa7+ Kh6 67. Qe3+ Kh5 68. Kg2 e5 69. Qa7 Kh6 70. Qe3+ Qf4
71. Qxf4+ exf4 72. Rb1 Kh5 73. Kf3 Kxh4 74. Rh1+ Kg5 75. Rb1
Rd2 0-1

[Event "Ding Liren - Gelfand"]
[Site "Wenzhou CHN"]
[Date "2015.07.19"]
[EventDate "2015.07.16"]
[Round "4"]
[Result "1-0"]
[White "Ding Liren"]
[Black "Boris Gelfand"]
[WhiteElo "2749"]
[BlackElo "2751"]
[PlyCount "93"]

1. d4 d5 2. c4 c6 3. Nf3 Nf6 4. Nc3 e6 5. e3 Nbd7 6. Qc2 Bd6
7. Bd3 O-O 8. O-O dxc4 9. Bxc4 b5 10. Bd3 Bb7 11. a3 h6
12. Rd1 a6 13. b4 a5 14. Rb1 axb4 15. axb4 Nd5 16. Nxd5 exd5
17. Bh7+ Kh8 18. Bf5 Re8 19. Bd2 Nb6 20. Ne5 Bxe5 21. dxe5
Rxe5 22. Bc3 Re8 23. Ra1 Qe7 24. Bd4 Nc4 25. Qc3 Qg5 26. Bc2
Kg8 27. Rxa8 Rxa8 28. Ra1 Rxa1+ 29. Qxa1 Qg4 30. h3 Qe2
31. Bf5 Nd6 32. Bg4 Qd2 33. Qa7 h5 34. Qb8+ Kh7 35. Bxh5 Ne4
36. Qf4 Qe1+ 37. Kh2 Qxf2 38. Bxf7 Qxf4+ 39. exf4 Nd6 40. Be6
Bc8 41. Bxc8 Nxc8 42. Bc5 Kg6 43. g4 Kf7 44. f5 Kf6 45. h4 Ke5
46. h5 d4 47. Kg3 1-0

[Event "Chinese Team Championship"]
[Site "China CHN"]
[Date "2015.07.24"]
[EventDate "2015.04.10"]
[Round "8.3"]
[Result "1-0"]
[White "Ding Liren"]
[Black "Xiangyu Xu"]
[WhiteElo "2755"]
[BlackElo "2243"]
[PlyCount "53"]

1. Nf3 Nf6 2. c4 g6 3. d4 Bg7 4. g3 c6 5. Bg2 d5 6. Qb3 Qb6
7. O-O O-O 8. Nc3 dxc4 9. Qxc4 Be6 10. Qd3 Rd8 11. h3 Na6
12. e4 Ne8 13. Rd1 Nb4 14. Qe2 Bxd4 15. Nxd4 Rxd4 16. Be3
Rxd1+ 17. Rxd1 Qa5 18. b3 Na6 19. Qb2 f5 20. Ne2 Nd6 21. Rxd6
exd6 22. Qf6 Qe5 23. Qe7 Bc8 24. Qd8+ Kf7 25. Bd4 Qe7 26. Qh8
Ke6 27. Nf4+ 1-0

[Event "Chinese Team Championship"]
[Site "China CHN"]
[Date "2015.07.25"]
[EventDate "2015.04.10"]
[Round "9.5"]
[Result "0-1"]
[White "Vladimir Malakhov"]
[Black "Ding Liren"]
[WhiteElo "2706"]
[BlackElo "2755"]
[PlyCount "88"]

1. e4 e5 2. Nf3 Nc6 3. Bb5 a6 4. Ba4 Nf6 5. O-O Be7 6. d3 b5
7. Bb3 O-O 8. Nc3 d6 9. a3 Nb8 10. Ne2 c5 11. Ng3 Nc6 12. c3
Be6 13. Bxe6 fxe6 14. b4 Qd7 15. Qb3 Rab8 16. h3 Rfc8 17. Be3
a5 18. bxc5 dxc5 19. a4 b4 20. cxb4 cxb4 21. Rac1 h6 22. Rc4
Kh7 23. Rfc1 Bd6 24. Nf1 Ne7 25. N1d2 Rc6 26. Qb2 Rxc4
27. Nxc4 Nc6 28. Qc2 b3 29. Qb2 Bc7 30. Rc3 Nd4 31. Bxd4 exd4
32. Rxb3 Qxa4 33. Nxd4 Rxb3 34. Nxb3 Nxe4 35. Ne3 Qb4 36. Qc2
a4 37. Nc1 Qe1+ 38. Nf1 Nc3 39. d4+ Kh8 40. Qg6 Qxc1 41. Qxe6
Qf4 42. g3 Qxd4 43. Ne3 a3 44. Nf5 Qe5 0-1

[Event "Chinese Team Championship"]
[Site "China CHN"]
[Date "2015.07.26"]
[EventDate "2015.04.10"]
[Round "10.2"]
[Result "1-0"]
[White "Ding Liren"]
[Black "Yinglun Xu"]
[WhiteElo "2755"]
[BlackElo "2443"]
[PlyCount "49"]

1. e4 c5 2. Nf3 d6 3. d4 cxd4 4. Nxd4 Nf6 5. Nc3 e6 6. g4 h6
7. Rg1 Nc6 8. Be3 h5 9. h3 a6 10. g5 Nd7 11. g6 Qf6 12. gxf7+
Qxf7 13. Nf3 b5 14. Ng5 Qe7 15. Qd2 Bb7 16. O-O-O Nf6 17. f4
g6 18. Bg2 O-O-O 19. Rge1 Bg7 20. Bb6 Rd7 21. Nd5 Nxd5
22. exd5 Qf6 23. c3 exd5 24. Bxd5 Nd8 25. Ne6 1-0

[Event "Chinese Team Championship"]
[Site "China CHN"]
[Date "2015.07.27"]
[EventDate "2015.04.10"]
[Round "11.6"]
[Result "0-1"]
[White "Wei Yi"]
[Black "Ding Liren"]
[WhiteElo "2706"]
[BlackElo "2755"]
[PlyCount "128"]

1. e4 c6 2. d4 d5 3. Nc3 dxe4 4. Nxe4 Bf5 5. Ng3 Bg6 6. h4 h6
7. Nf3 e6 8. h5 Bh7 9. Bd3 Bxd3 10. Qxd3 Nf6 11. Bd2 Be7
12. O-O-O O-O 13. Ne4 Nxe4 14. Qxe4 Qd5 15. Qg4 Kh8 16. Kb1
Nd7 17. Qh3 Rad8 18. g4 e5 19. g5 e4 20. Nh4 Bxg5 21. c4 Qxc4
22. Bxg5 hxg5 23. Ng6+ Kg8 24. Ne7+ Kh8 25. Ng6+ Kg8 26. Nxf8
Nxf8 27. h6 g6 28. Qa3 Qe6 29. Qxa7 Qe7 30. Rhe1 g4 31. a4 Kh7
32. a5 Rd7 33. Qc5 f5 34. a6 Qxc5 35. dxc5 bxa6 36. Rd6 Rc7
37. Rf6 Nd7 38. Rf7+ Kxh6 39. Rd1 Kg5 40. Kc2 e3 41. fxe3 g3
42. Rg7 g2 43. Rg1 Kf6 44. Rg8 Kf7 45. Rh8 Kg7 46. Rh2 Rb7
47. Rhxg2 Ne5 48. Ra1 a5 49. Ra3 Nc4 50. Rb3 Rxb3 51. Kxb3
Nxe3 52. Rf2 g5 53. Re2 f4 54. Kc3 g4 55. Kd3 Kg6 56. Re1 Kf5
57. Ra1 g3 58. Ke2 Ng4 59. Rxa5 Nh2 60. Ra8 f3+ 61. Ke3 f2
62. Rf8+ Ke5 63. Ke2 Kd4 64. Rf5 Kc4 0-1

[Event "China - Russia Challenge"]
[Site "Heixiazi CHN"]
[Date "2015.07.30"]
[EventDate "2015.07.29"]
[Round "2.1"]
[Result "1/2-1/2"]
[White "Ding Liren"]
[Black "Sergey Karjakin"]
[WhiteElo "2749"]
[BlackElo "2753"]
[PlyCount "87"]

1. d4 Nf6 2. c4 e6 3. Nf3 b6 4. g3 Ba6 5. b3 Bb4+ 6. Bd2 Be7
7. Bg2 c6 8. Bc3 d5 9. Ne5 Nfd7 10. Nxd7 Nxd7 11. Nd2 O-O
12. O-O Rc8 13. Rc1 c5 14. dxc5 dxc4 15. c6 Nb8 16. Bb2 Nxc6
17. Nxc4 Nb4 18. a3 Nd5 19. Ne5 Qd6 20. Qd4 Bf6 21. Bf3 Bb7
22. Rc4 Ba6 23. Rcc1 Bxe5 24. Qxe5 Qxe5 25. Bxe5 f6 26. Bb2
Kf7 27. Rfd1 Rxc1 28. Rxc1 Rc8 29. Rxc8 Bxc8 30. e4 Ne7
31. Bd1 e5 32. Kf1 Be6 33. Ke2 g5 34. Kd3 g4 35. Bc1 Nc8
36. Be3 Ke7 37. a4 Kd7 38. a5 Kc6 39. axb6 axb6 40. Bh6 Kd7
41. Bg7 Ke7 42. Bh6 Kd7 43. Bg7 Ke7 44. Bh6 1/2-1/2

[Event "China - Russia Challenge"]
[Site "Heixiazi CHN"]
[Date "2015.07.30"]
[EventDate "2015.07.29"]
[Round "2.2"]
[Result "0-1"]
[White "Ding Liren"]
[Black "Sergey Karjakin"]
[WhiteElo "2749"]
[BlackElo "2753"]
[PlyCount "68"]

1. c4 Nf6 2. Nf3 c5 3. Nc3 Nc6 4. d4 cxd4 5. Nxd4 e6 6. Nxc6
bxc6 7. e4 e5 8. Be3 Bb4 9. Bd3 d6 10. O-O O-O 11. Qc2 Ng4
12. Bd2 Bc5 13. h3 Nf6 14. Rab1 a5 15. a3 Be6 16. b4 axb4
17. axb4 Bb6 18. Rfd1 Nd7 19. Be1 Qc7 20. Bf1 Bd4 21. Ne2 c5
22. Nxd4 cxd4 23. Ra1 h6 24. b5 Rfc8 25. Bb4 Qb6 26. Rxa8 Rxa8
27. Qb2 Nc5 28. Ra1 Rb8 29. f3 f5 30. exf5 Bxf5 31. Kh2 Kh7
32. Ra3 Qc7 33. Qa1 Rb7 34. Ra8 Bc2 0-1

[Event "China - Russia Challenge"]
[Site "Heixiazi CHN"]
[Date "2015.07.30"]
[EventDate "2015.07.29"]
[Round "2.3"]
[Result "0-1"]
[White "Sergey Karjakin"]
[Black "Ding Liren"]
[WhiteElo "2753"]
[BlackElo "2749"]
[PlyCount "66"]

1. e4 d6 2. d4 Nf6 3. Nc3 g6 4. f4 Bg7 5. Bd3 Nc6 6. Nf3 Bg4
7. e5 Bxf3 8. gxf3 Nh5 9. Be3 O-O 10. Qd2 dxe5 11. dxe5 e6
12. O-O-O Qh4 13. Rdg1 Rad8 14. Rg4 Qe7 15. Qf2 b6 16. a3 f5
17. exf6 Nxf6 18. Rh4 Nd5 19. Nxd5 exd5 20. Kb1 Qf6 21. Bc1
Nd4 22. Rg4 c5 23. f5 Nxf5 24. h4 c4 25. Bxf5 Qxf5 26. Rhg1 d4
27. h5 Qxh5 28. f4 Qd5 29. Rg5 Qd7 30. Qh2 d3 31. Rh1 Bf6
32. Rg3 Rf7 33. Rh3 d2 0-1

[Event "China - Russia Challenge"]
[Site "Heixiazi CHN"]
[Date "2015.07.30"]
[EventDate "2015.07.29"]
[Round "2.4"]
[Result "1/2-1/2"]
[White "Ding Liren"]
[Black "Sergey Karjakin"]
[WhiteElo "2749"]
[BlackElo "2753"]
[PlyCount "150"]

1. c4 Nf6 2. Nc3 e5 3. Nf3 Nc6 4. g3 d5 5. cxd5 Nxd5 6. Bg2
Nb6 7. O-O Be7 8. Rb1 a5 9. d3 O-O 10. Be3 Be6 11. Bxb6 cxb6
12. Qa4 f5 13. Rfd1 Bf6 14. Rbc1 Kh8 15. e3 Bf7 16. d4 e4
17. Nd2 Nb4 18. Bf1 Bh5 19. Re1 Be8 20. Qd1 a4 21. a3 Nd5
22. Nxd5 Qxd5 23. Nc4 Ra6 24. Ne5 Ra8 25. Nc4 Ra6 26. Nd2 Ra8
27. Nb1 Qa5 28. Nc3 Be7 29. Ne2 b5 30. Nf4 Bf7 31. Qe2 b4
32. axb4 Qxb4 33. Rc3 Rfc8 34. Rec1 Rxc3 35. Rxc3 Bd6 36. Qc2
g6 37. Bc4 Bxc4 38. Rxc4 Qb5 39. Ne6 Qd7 40. Nc5 Bxc5 41. Rxc5
b5 42. Qc3 Kg8 43. d5 Qd6 44. Rc7 Qf8 45. d6 Rd8 46. Qe5 Rxd6
47. Qxb5 Rd8 48. Qxa4 Qd6 49. Qc4+ Qd5 50. b4 Qxc4 51. Rxc4
Rd1+ 52. Kg2 Rb1 53. g4 Kg7 54. g5 h6 55. h4 hxg5 56. hxg5 Kf7
57. Kg3 Ke6 58. Rc6+ Kf7 59. Kf4 Rg1 60. Rc7+ Ke6 61. Rc6+ Kd5
62. Rc5+ Ke6 63. f3 exf3 64. Kxf3 Rxg5 65. Rc1 Rg4 66. Rb1 Kd6
67. b5 Kc7 68. b6+ Kb7 69. Rb5 Re4 70. Rb2 Re6 71. Kf4 Re4+
72. Kg5 Rxe3 73. Kxg6 Re6+ 74. Kxf5 Rxb6 75. Rxb6+ Kxb6
1/2-1/2

[Event "Chinese Team Championship"]
[Site "China CHN"]
[Date "2015.08.20"]
[EventDate "2015.04.10"]
[Round "12.1"]
[Result "0-1"]
[White "Ngoc Truongson Nguyen"]
[Black "Ding Liren"]
[WhiteElo "2634"]
[BlackElo "2755"]
[PlyCount "98"]

1. e4 e5 2. Nf3 Nc6 3. Bc4 Nf6 4. d3 Bc5 5. O-O d6 6. c3 O-O
7. b4 Bb6 8. Bg5 h6 9. Bh4 g5 10. Bg3 a5 11. b5 Ne7 12. Nbd2
Ng6 13. d4 Re8 14. Re1 Kg7 15. Bf1 Nh5 16. Nc4 Ba7 17. dxe5
Nxg3 18. hxg3 g4 19. Nd4 Nxe5 20. Nf5+ Bxf5 21. exf5 h5
22. Qd5 h4 23. b6 Bxb6 24. Nxb6 cxb6 25. Rad1 hxg3 26. fxg3
Rc8 27. Re4 Qf6 28. Qxd6 Rxc3 29. Qxf6+ Kxf6 30. Bb5 Re7
31. Rd6+ Kxf5 32. Rf4+ Kg5 33. Rdf6 Ng6 34. R4f5+ Kh6 35. Rxf7
Rxf7 36. Rxf7 Rxg3 37. Rxb7 Nf4 38. Rxb6+ Kg5 39. Bf1 Ra3
40. Bc4 Rc3 41. Bf1 Kh4 42. Rb5 Ra3 43. Bc4 Kg3 44. Bb3 Nxg2
45. Kf1 Nf4 46. Rc5 a4 47. Ra5 Kh2 48. Bc2 g3 49. Be4 Rxa2 0-1

[Event "Chinese Team Championship"]
[Site "China CHN"]
[Date "2015.08.21"]
[EventDate "2015.04.10"]
[Round "13.6"]
[Result "0-1"]
[White "Jinshi Bai"]
[Black "Ding Liren"]
[WhiteElo "2518"]
[BlackElo "2755"]
[PlyCount "111"]

1. d4 Nf6 2. c4 e6 3. g3 c5 4. d5 exd5 5. cxd5 d6 6. Nc3 g6
7. Bg2 Bg7 8. Nf3 O-O 9. O-O Re8 10. Re1 a6 11. a4 Nbd7 12. e4
Ng4 13. Nd2 Nge5 14. Bf1 g5 15. h3 Qf6 16. Qh5 h6 17. Nd1 Qd8
18. Ne3 Nf6 19. Qd1 b6 20. Rb1 h5 21. b3 g4 22. hxg4 Bxg4
23. Nxg4 hxg4 24. Bb2 Nfd7 25. Be2 Qg5 26. Nf1 Nf6 27. Nh2
Nxe4 28. Bxg4 Nxg4 29. Qxg4 Qxg4 30. Nxg4 Nd2 31. Rxe8+ Rxe8
32. Bxg7 Kxg7 33. Rb2 Re1+ 34. Kg2 Nf1 35. b4 c4 36. b5 axb5
37. axb5 Rc1 38. Ne3 c3 39. Rb4 Nxe3+ 40. fxe3 f5 41. g4 c2
42. Rc4 fxg4 43. Rxg4+ Kf6 44. Rc4 Ke5 45. e4 Kf4 46. Kh2 Kf3
47. e5 dxe5 48. d6 e4 49. d7 Rd1 50. Rxc2 Rxd7 51. Rc6 e3
52. Rf6+ Ke2 53. Rxb6 Kd2 54. Ra6 e2 55. Ra2+ Ke3 56. Ra1 0-1

[Event "Chinese Team Championship"]
[Site "China CHN"]
[Date "2015.08.22"]
[EventDate "2015.04.10"]
[Round "14.3"]
[Result "1-0"]
[White "Ding Liren"]
[Black "Liu Qingnan"]
[WhiteElo "2755"]
[BlackElo "2510"]
[PlyCount "65"]

1. d4 Nf6 2. c4 e6 3. Nf3 d5 4. Nc3 Bb4 5. cxd5 exd5 6. Bg5
Nbd7 7. e3 c5 8. dxc5 Qa5 9. Rc1 O-O 10. a3 Bxc3+ 11. Rxc3 Ne4
12. b4 Nxc3 13. Qa1 Qa4 14. Qxc3 a5 15. b5 h6 16. Bf4 Nf6
17. Nd4 Ne4 18. Qc1 g5 19. Bc7 Re8 20. Be2 Bd7 21. O-O Rac8
22. b6 f5 23. Qb2 f4 24. Rc1 Nxf2 25. Kxf2 fxe3+ 26. Ke1 Re4
27. Be5 Be8 28. c6 Rxc6 29. Nxc6 Bxc6 30. Rc5 Rh4 31. Bd1 Qe4
32. Rxc6 d4 33. Qb3+ 1-0

[Event "Chinese Team Championship"]
[Site "China CHN"]
[Date "2015.08.23"]
[EventDate "2015.04.10"]
[Round "15.5"]
[Result "0-1"]
[White "Ni Hua"]
[Black "Ding Liren"]
[WhiteElo "2704"]
[BlackElo "2755"]
[PlyCount "74"]

1. d4 Nf6 2. c4 g6 3. Nc3 Bg7 4. e4 d6 5. Nf3 O-O 6. h3 e5
7. d5 Nh5 8. g3 f5 9. exf5 gxf5 10. Ng5 Qe8 11. Be2 Nf6
12. Be3 Na6 13. Qd2 Nc5 14. O-O-O h6 15. Nf3 Nce4 16. Nxe4
Nxe4 17. Qc2 c6 18. dxc6 bxc6 19. g4 d5 20. Nh4 d4 21. gxf5
Nc5 22. Rhg1 dxe3 23. Rxg7+ Kxg7 24. Rg1+ Kf6 25. Rg6+ Ke7
26. Qc3 Bxf5 27. Qxe5+ Kd8 28. Qxc5 Bxg6 29. Nxg6 Rxf2 30. Ne5
Rxe2 31. Nxc6+ Kd7 32. Ne5+ Ke6 33. Qd5+ Ke7 34. Nc6+ Kf8
35. Qd6+ Kg7 36. Qd4+ Kh7 37. Qd3+ Qg6 0-1

[Event "China Chess Kings"]
[Site "Taizhou CHN"]
[Date "2015.11.24"]
[EventDate "2015.11.24"]
[Round "1.1"]
[Result "1/2-1/2"]
[White "Ding Liren"]
[Black "Lu Shanglei"]
[WhiteElo "2781"]
[BlackElo "2615"]
[PlyCount "67"]

1. d4 d5 2. c4 e6 3. Nc3 c6 4. Nf3 Nf6 5. Bg5 dxc4 6. e4 b5
7. e5 h6 8. Bh4 g5 9. Nxg5 hxg5 10. Bxg5 Be7 11. exf6 Bxf6
12. Be3 Bb7 13. a4 Nd7 14. axb5 cxb5 15. Nxb5 Nb6 16. Bf4 Kf8
17. Qd2 Bc6 18. Nd6 Rh4 19. Ra3 Nd5 20. Be5 Be7 21. Nxc4 Bb4
22. Rc3 Rc8 23. Bd3 Bb5 24. g3 Bxc4 25. gxh4 Bxd3 26. Qxd3
Bxc3+ 27. bxc3 Rxc3 28. Qb1 Qb6 29. O-O Qxb1 30. Rxb1 f6
31. Bd6+ Kg7 32. Rb7+ Kg6 33. Rxa7 Rc4 34. Kg2 1/2-1/2

[Event "China Chess Kings"]
[Site "Taizhou CHN"]
[Date "2015.11.25"]
[EventDate "2015.11.24"]
[Round "1.2"]
[Result "1-0"]
[White "Lu Shanglei"]
[Black "Ding Liren"]
[WhiteElo "2615"]
[BlackElo "2781"]
[PlyCount "115"]

1. e4 e5 2. Nf3 Nc6 3. Bb5 a6 4. Ba4 Nf6 5. O-O Be7 6. Re1 b5
7. Bb3 d6 8. c3 O-O 9. h3 Nb8 10. d4 Nbd7 11. c4 c6 12. Qc2
Bb7 13. Nc3 b4 14. Na4 c5 15. d5 Nh5 16. Qd1 Nf4 17. Bc2 Ng6
18. b3 Bc8 19. a3 a5 20. Be3 Nf6 21. Nh2 h6 22. Nf1 Nh7
23. Ng3 Bg5 24. Nb2 Bd7 25. Nf5 Qf6 26. Qf3 Bxe3 27. fxe3 Ne7
28. Nxe7+ Qxe7 29. Qg3 Rfb8 30. Reb1 h5 31. Kh1 h4 32. Qf2 Qg5
33. Nd3 Nf6 34. Ne1 a4 35. axb4 Rxb4 36. Nf3 Qg3 37. Qxg3 hxg3
38. Nd2 Rb6 39. Ra2 Rab8 40. bxa4 Rxb1+ 41. Nxb1 Bc8 42. Kg1
Ba6 43. Nd2 Rb4 44. Bd3 Kh7 45. Kf1 Kh6 46. Ke2 Kh5 47. a5 g5
48. Kd1 g4 49. Be2 Kg5 50. hxg4 Nxg4 51. Bxg4 Kxg4 52. Kc2 Kg5
53. Kc3 f6 54. Rb2 Ra4 55. Rb6 Rxa5 56. Rxd6 Kg6 57. Rc6 Kf7
58. Kb2 1-0

[Event "TCh-CHN"]
[Site "China CHN"]
[Date "2015.12.08"]
[EventDate "2015.04.10"]
[Round "19.3"]
[Result "0-1"]
[White "Yuanhe Zhao"]
[Black "Ding Liren"]
[WhiteElo "2217"]
[BlackElo "2755"]
[PlyCount "80"]

1. d4 Nf6 2. c4 e6 3. Nf3 d5 4. g3 Bb4+ 5. Bd2 Bd6 6. Bg2 O-O
7. O-O c6 8. Qb3 Ne4 9. Nc3 f5 10. Bf4 Bxf4 11. gxf4 Nd7
12. Rad1 Nd6 13. cxd5 exd5 14. Ne5 Nf6 15. Na4 Qe7 16. Nc5
Nfe4 17. Ncd3 Be6 18. f3 Nf6 19. Nc5 Bf7 20. e3 b6 21. Ncd3 c5
22. dxc5 bxc5 23. Nxc5 Nc4 24. Nxc4 dxc4 25. Qa3 Nd5 26. Rfe1
Rfe8 27. Rc1 Rac8 28. Rxc4 Qh4 29. Rcc1 Nxf4 30. Qa4 Ne2+
31. Rxe2 Qxa4 32. Nxa4 Rxc1+ 33. Kf2 Bxa2 34. Nc3 Bb3 35. f4
Rd8 36. Kg3 Bc4 37. Rf2 Rd3 38. Kf3 Re1 39. Re2 Rxe2 40. Nxe2
Bd5+ 0-1

[Event "TCh-CHN"]
[Site "China CHN"]
[Date "2015.12.09"]
[EventDate "2015.04.10"]
[Round "20.5"]
[Result "1-0"]
[White "Ding Liren"]
[Black "Qun Ma"]
[WhiteElo "2755"]
[BlackElo "2609"]
[PlyCount "103"]

1. d4 d5 2. c4 c6 3. Nf3 Nf6 4. Nc3 dxc4 5. a4 Bf5 6. Ne5 Nbd7
7. Nxc4 Nb6 8. Ne5 a5 9. h4 e6 10. f3 h6 11. e4 Bh7 12. Be3
Nfd7 13. Nd3 Bd6 14. Ne2 Rc8 15. Rc1 O-O 16. Qb3 Kh8 17. Kf2
Be7 18. g3 f5 19. e5 Nd5 20. Ndf4 Nxe3 21. Qxe3 Qb6 22. Nxe6
Rfe8 23. N2f4 Qxb2+ 24. Kg1 Qa3 25. Kf2 Qxa4 26. Be2 Bb4
27. Ng5 Qa2 28. Nxh7 Kxh7 29. Qd3 Rf8 30. Rc2 Qa3 31. g4 g6
32. h5 Qxd3 33. hxg6+ Kg8 34. Bxd3 fxg4 35. Bc4+ Kg7 36. Bf7
Rxf7 37. gxf7 Nf8 38. fxg4 Rc7 39. Rh5 Rxf7 40. Rf5 Rd7
41. Ke3 Nh7 42. Ne6+ Kg6 43. d5 cxd5 44. Nf4+ Kg7 45. Nh5+ Kg6
46. Rc8 Nf8 47. e6 Nxe6 48. Rf6+ Kg5 49. Rxe6 Kxg4 50. Re5 Rf7
51. Rg8+ Kh4 52. Ng3 1-0

[Event "TCh-CHN"]
[Site "China CHN"]
[Date "2015.12.10"]
[EventDate "2015.04.10"]
[Round "21.2"]
[Result "1/2-1/2"]
[White "Yinglun Xu"]
[Black "Ding Liren"]
[WhiteElo "2443"]
[BlackElo "2755"]
[PlyCount "49"]

1. d4 d5 2. c4 e6 3. Nf3 Nf6 4. e3 a6 5. b3 c5 6. dxc5 Bxc5
7. Nbd2 O-O 8. Bb2 Nc6 9. cxd5 exd5 10. Be2 Qe7 11. O-O Rd8
12. a3 d4 13. exd4 Nxd4 14. Nxd4 Bxd4 15. Bxd4 Rxd4 16. Qe1
Be6 17. Nf3 Rd7 18. Ne5 Rc7 19. Bc4 b5 20. Bxe6 Qxe6 21. b4
Re8 22. Nf3 Qc8 23. Qb1 Ne4 24. Rd1 Nc3 25. Qd3 1/2-1/2

[Event "TCh-CHN"]
[Site "China CHN"]
[Date "2015.12.11"]
[EventDate "2015.04.10"]
[Round "22.6"]
[Result "1/2-1/2"]
[White "Ding Liren"]
[Black "Wei Yi"]
[WhiteElo "2755"]
[BlackElo "2706"]
[PlyCount "60"]

1. d4 Nf6 2. c4 g6 3. Nf3 Bg7 4. g3 c6 5. Nc3 d5 6. Qb3 a5
7. cxd5 a4 8. Qd1 Nxd5 9. Bg2 a3 10. O-O axb2 11. Bxb2 O-O
12. a4 Nxc3 13. Bxc3 c5 14. Rc1 Bd7 15. dxc5 Bxa4 16. Qe1 Nd7
17. Bxg7 Kxg7 18. Nd4 Qc7 19. Qc3 e5 20. c6 bxc6 21. Nxc6 Ra6
22. Qc4 Nb8 23. Nb4 Qxc4 24. Rxc4 Bb5 25. Rc5 Bxe2 26. Nxa6
Nxa6 27. Rxe5 Bxf1 28. Bxf1 Nc7 29. Rc5 Ne6 30. Ra5 Rc8
1/2-1/2

[Event "Tata Steel"]
[Site "Wijk aan Zee NED"]
[Date "2016.01.19"]
[EventDate "2016.01.15"]
[Round "4"]
[Result "1/2-1/2"]
[White "Wesley So"]
[Black "Ding Liren"]
[WhiteElo "2773"]
[BlackElo "2766"]
[PlyCount "81"]

1. d4 d5 2. c4 c6 3. Nf3 Nf6 4. e3 e6 5. b3 Nbd7 6. Bd3 Bd6
7. Bb2 O-O 8. O-O b6 9. Nbd2 Bb7 10. Ne5 c5 11. cxd5 Bxd5
12. Ndc4 Be7 13. Rc1 cxd4 14. Bxd4 Rc8 15. Qe2 Nc5 16. Bb1 b5
17. Nd2 a6 18. Rfd1 Ncd7 19. Rxc8 Qxc8 20. Nxd7 Nxd7 21. Be4
Nf6 22. Bxf6 Bxf6 23. Bxd5 exd5 24. Nf3 Qe6 25. h3 Rc8 26. Qd2
h6 27. Rc1 Rc6 28. Kf1 Qc8 29. Rxc6 Qxc6 30. Ne1 Bc3 31. Qc2
Qf6 32. Nd3 d4 33. Nf4 Qd6 34. Ne2 Qf6 35. Kg1 g6 36. Nxd4
Bxd4 37. exd4 Qxd4 38. Qc8+ Kg7 39. Qxa6 Qa1+ 40. Kh2 Qe5+
41. Kg1 1/2-1/2